Нормален изглед
MARC изглед
- Сорокина, К.
Вход 01. Лично име
001 - Контролен номер на записа
- Контролно поле: 409060
003 - Код на организацията, даваща контролен номер
- Контролно поле: BLK
005 - Дата и час на последна промяна на записа
- Контролно поле: 20200502103608.0
008 - Данни с фиксирана дължина – обща информация
- Данни с фиксирана дължина : 200502|| aca||aabn | a|a d
100 ## - ИМЕ НА ЛИЦЕ -ПЪРВИЧНА ИНТЕЛЕКТУАЛНА ОТГОВОРНОСТ
- Лично име: Сорокина, К.
- Ключова дума за отношение: състав. и ред.
942 ## - Системна служебна употреба
- Koha auth type: PERSO_NAME